| 000 | 00399nam a2200121Ia 4500 | ||
|---|---|---|---|
| 008 | 220620s9999||||xx |||||||||||||| ||und|| | ||
| 245 | 0 |
_aSteam Generator Systems _bOperational Reliability and Efficiency |
|
| 546 | _aEnglish[eng] | ||
| 650 | _aElectrical engineering | ||
| 700 | _aUchanin, Valentin | ||
| 856 | _uhttps://mts.intechopen.com/storage/books/91/authors_book/authors_book.pdf | ||
| 942 | _cEB | ||
| 999 |
_c30465 _d30465 |
||